| 000 | 01552nam a2200469 i 4500 | ||
|---|---|---|---|
| 001 | 50 | ||
| 003 | KOSZ 005 | ||
| 005 | 20200428120737.0 | ||
| 008 | 200428s1973 pl a f 001 0 pol | ||
| 015 | _aUWD 1973/5908 | ||
| 035 | _a991033699239705066 | ||
| 035 | _a(PL-WaBN)b1901952x-48omnis_nlop | ||
| 035 | _ab1901952x | ||
| 035 | _a(OCoLC)749261467 | ||
| 035 | _a(PL)b0000001901952 | ||
| 035 | _a(EXLNZ-48OMNIS_NETWORK)9910465144805606 | ||
| 040 |
_aWA N _cWA N _dKOSZ 005/RW |
||
| 046 | _k1973 | ||
| 080 | _a514.14 | ||
| 080 | _a(075.8) | ||
| 100 | 1 |
_aRachwał, Tadeusz _d(1914-1992) _eAutor |
|
| 245 | 1 | 0 |
_aGeometria wykreślna. _nT. 2 / _cTadeusz Rachwał. |
| 250 | _aWydanie 3. | ||
| 260 |
_aWarszawa : _bPaństwowe Wydawnictwo Naukowe, _c1973. |
||
| 300 |
_a240 stron : _bilustracje ; _c24 cm + _eAlbum z rysunkami : 164 strony. |
||
| 336 |
_aTekst _btxt _2rdacontent |
||
| 337 |
_aBez urządzenia pośredniczącego _bn _2rdamedia |
||
| 338 |
_aWolumin _bnc _2rdacarrier |
||
| 380 | _aKsiążki | ||
| 380 | _aPublikacje dydaktyczne | ||
| 388 | _a1901-2000 | ||
| 388 | _a1945-1989 | ||
| 504 | _aIndeks. | ||
| 521 | 8 | _aPodręcznik przeznaczony dla wyższych szkół technicznych. | |
| 650 | 7 |
_aGeometria wykreślna _2DBN |
|
| 655 | 7 |
_aPodręczniki akademickie _2DBN |
|
| 658 | _aMatematyka | ||
| 710 | 2 |
_aPaństwowe Wydawnictwo Naukowe _4pbl |
|
| 856 |
_uhttp://koha.tu.koszalin.pl/cgi-bin/koha/opac-detail.pl?biblionumber=50 _yKatalog online BPK |
||
| 942 |
_2UKD _cKS |
||
| 999 |
_c50 _d50 |
||